000 02187nam a2200457 i 4500
999 _c64095
_d64095
001 768714001
003 CO-MdFUSB
005 20190202100246.0
008 160120t15212003ag /// 0 0 spa
020 _a9789872033491
040 _aSpMaBN
_bspa
_cCO-MdFUSB
_erdc
_dCO-MdFUSBC
041 _aspa
_hlat
082 _223
_a230.04624
_bM517
100 1 _aMelanchton, Philippus
_d1497-1560
_4autor
240 _aLoci communes seu Hypotyposes theologicae
245 1 0 _aLoci communes
_cPhilip. Melan. recogniti ab auctore ; Locorum communiu[m] Index
_b: conceptos fundamentales de las cuestiones teológicas o esbozos teológicos
246 3 _aHypotyposes theologicae
260 _aArgentorati
_bapud Iohannem Heruagium
_c1523
264 1 _aBuenos Aires, Argentina :
_bInstituto Universitario ISEDET,
_c[2011]
264 4 _c©2011
300 _a204 páginas
_c22 cm.
_b:
336 _atexto
_2rdacontent
_btxt
337 _asin mediación
_2rdadmedia
_bn
338 _2rdacarrier
_avolumen
_bnc
500 _aPublicado originalmente en 1521
505 2 _aConceptos fundamentales de las cuestiones teológicas o esbozos teológicos- 1521 [Epístola dedicatoria] -- Introducción -- Sobre las fuerzas del hombre, en especial el libre albedrío -- Sobre el pecado -- Sobre la ley -- Sobre el evangelio -- Sobre la gracias -- Sobre la justificación y la fe -- y el Nuevo Testamento , como también sobre la abrogación de la ley -- Sobre los signos -- sobre la caridad -- sobre las autoridades -- sobre el escándalo.
510 2 _cIncluye referencias bibliográficas e índice temático
534 _cLoci Communes 1521
_pTítulo original
563 _arústico
650 7 _aLuteranismo
_vObras de controversia
_2embne
650 7 _aTeología dogmática
_vObras anteriores a 1800
_2embne
650 7 _aTeología doctrinal
_2
_9179
653 _aTeología protestante
700 1 _aHerwagen, Johann
_dfl. 1522 -1557
_eimpresor
700 1 _aKrüger, René
_d1950-
_etraductor
_ecoordinador
_91041
700 1 _aBeros, Daniel Carlos.
_d1967-
_etraductor
_91042
752 _aFrancia
_dEstrasburgo
942 _cBK
956 _a1